000 00470nam a22001577a 4500
003 OSt
008 260424b |||||||| |||| 00| 0 eng d
082 _a635.93328
_bL14S
100 _aLalduhawma, K.
245 _aStudies on The Effect of Plant Growth Reguators on Fruit Drop, Development and Quality of Litchi (Litchi chinensis Sonn.)
260 _aPusa, Samastipur
_bRAU
_c1987
300 _a103P.
502 _bMsc.
_d1987
650 _aHorticulture
942 _2ddc
_cT
999 _c50177
_d50177